000 01037nam a2200277 i 4500
001 114400
003 ES-MaACL
005 20250828063251.0
007 t|
008 190604s1964 sp |||| |dspa d
017 _aM 1058-1964
_bOficina Depósito Legal Madrid
080 _a347(460)
080 _a347.961(460)
245 0 0 _aCentenario de la Ley del Notariado.
_nSección tercera,
_pEstudios jurídicos varios.
_nVolumen I
260 _aMadrid :
_bdistribuido con la colaboración del Instituto Editorial Reus,
_c1964
300 _a1022 páginas ;
_c24 cm
594 _aPrecede al título: Junta de Decanos de los Colegios Notariales de España
650 4 _aDerecho civil-
_zEspaña
_911659
650 4 _aNotariado-
_zEspaña
_9145428
710 2 _aJunta de Decanos de los Colegios Notariales de España
_eisb
_95388
710 2 _aInstituto Editorial Reus
_edst
_9159117
852 4 _aES-MaACL
_cDEPO2
_jL-32379
942 _2udc
_cMONOGRAFIA
_n0
999 _c114400
_d114400